000 01211nam a2200229Ia 4500
003 Ost
005 20260507075134.0
008 260507s9999||||xx |||||||||||||| ||und||
020 _a×350567977
040 _cfsecg
041 _aara
082 _a330
100 _aعبد الخالق، السيد أحمد
_eمؤلف
245 0 _aالتجارة الإلكترونية والعولمة /
_c السيد أحمد عبد الخالق
260 _aالقاهرة:
_bامبريشن,
_c2006
300 _a234 صفحة؛
_bإيضاحات ؛
_c24 سم
490 _aبحوث ودراسات
520 _aالتطورات الإقتصادية التكنولوجية والتجارة الإلكترونية- ماهية التجارة الإلكترونية- تطور التجارة الإلكترونية- المقومات الأساسية لتطور التجارة الإلكترونية- الإطار القانوني لتنظيم التجارة الإلكترونية- التحديات المدفوعات الإلكترونية- الأبعاد الإقتصادية للتجارة الإلكترونية.
653 _aالتجارة الإلكترونية
653 _aالعولمة
942 _cكتاب
999 _c43242
_d43242